000 00320nam a22000977a 4500
999 _c65932
_d65929
100 _aRejesh Kumar Lohano
_a15MSSE10
245 _aComparison of cloud based document editing tools (Google Docs Office 365 and Zoho Docs)
260 _aNawabshah
_bQUEST
_c2018
700 _aDepartment of Information Technology
942 _cTHESIS